По поводу статьи С. В. Положего "О процессе парообразования при истечении нагретой воды ["Известия высших учебных заведений. Энергетика", 1960, N2. С послесл. ред.]; Известия вузов. Энергетика; № 8

Bibliographic Details
Parent link:Известия вузов. Энергетика: научно-технический и производственный журнал/ Министерство образования республики Беларусь.— Издается с 1958 г..— , 1958-1992.— 0579-2983
№ 8.— 1961.— С. 118-122
Main Author: Гурченок А. А.
Language:Russian
Published: 1961
Subjects:
Format: MixedMaterials Book Chapter
KOHA link:https://koha.lib.tpu.ru/cgi-bin/koha/opac-detail.pl?biblionumber=592217

MARC

LEADER 00000naa2a2200000 4500
001 592217
005 20231101131711.0
035 |a (RuTPU)RU\TPU\tpu\3706 
035 |a TPU00003706 
090 |a 592217 
100 |a 20011210a1961 k y0rusy50 ca 
101 0 |a rus 
102 |a RU 
200 1 |a По поводу статьи С. В. Положего "О процессе парообразования при истечении нагретой воды ["Известия высших учебных заведений. Энергетика", 1960, N2. С послесл. ред.]  |f А. А. Гурченок 
320 |a Библиогр.: 5 назв. 
461 1 |0 (RuTPU)RU\TPU\prd\196  |x 0579-2983  |t Известия вузов. Энергетика  |o научно-технический и производственный журнал  |f Министерство образования республики Беларусь  |e Издается с 1958 г.  |d 1958-1992 
463 1 |0 (RuTPU)RU\TPU\prd\6434  |t № 8  |v С. 118-122  |d 1961 
610 1 |a энергетика 
610 1 |a вода 
610 1 |a порообразование 
610 1 |a труды учёных ТПУ 
700 1 |a Гурченок  |b А. А. 
801 0 |a RU  |b 63413507  |c 20011210  |g PSBO 
801 2 |a RU  |b 63413507  |c 20221129  |g PSBO 
942 |c BK